[Event "VIII TchRUS W"]
[Site "Sochi"]
[Date "2007.05.10"]
[Round "10"]
[White "Sharevich, Anna"]
[Black "Severiukhina, Zoja"]
[Result "1-0"]
[WhiteElo "2323"]
[BlackElo "2269"]
[Annotator ""]
[Source ""]
[Remark ""]

1.d4 Nf6 2.c4 g6 3.Nc3 Bg7 4.e4 d6 5.Nf3 O-O 6.Be2 e5 7.d5 a5
8.Bg5 h6 9.Bh4 Na6 10.Nd2 Qe8 11.O-O Nh7 12.a3 Bd7 13.b3 h5 14.f3
Bh6 15.Kh1 Be3 16.Qc2 f5 17.exf5 gxf5 18.Bf2 Bxf2 19.Rxf2 Nf6
20.Rg1 Kh8 21.Qb2 Qg6 22.Bd3 Rf7 23.b4 axb4 24.axb4 Rg8 25.c5
h4 26.g4 Qg5 27.Bxa6 bxa6 28.f4 Qg7 29.Nf3 Nxg4 30.Rfg2 e4 31.Ng5
Re7 32.h3 Ne3 33.Nf7+ Rxf7 34.Rxg7 Rfxg7 35.Rxg7 Rxg7 36.Qe2
Be8 37.Qxe3 Bh5 38.Kh2 Rg3 39.Qd4+ Kg8 40.Nd1 Rd3 41.Qg1+ Kf7
42.Qg5 Rd2+ 43.Nf2 Bg6 44.Qd8 Rxf2+ 45.Kg1 Rf3 46.Qxc7+ Kg8 47.Qd8+
Kg7 48.Qe7+ Kg8 49.cxd6 1-0

[Event "VIII TchRUS W"]
[Site "Sochi"]
[Date "2007.05.10"]
[Round "10"]
[White "Iljushina, Olga"]
[Black "Bronnikova, Elizaveta"]
[Result "1/2-1/2"]
[WhiteElo "2281"]
[BlackElo "2287"]
[Annotator ""]
[Source ""]
[Remark ""]

1.d4 Nf6 2.c4 g6 3.Nc3 Bg7 4.e4 d6 5.f3 O-O 6.Nge2 e5 7.Bg5 c6
8.Qd2 Nbd7 9.h4 h5 10.O-O-O Qa5 11.Kb1 a6 12.d5 cxd5 13.Nxd5
Qxd2 14.Ne7+ Kh7 15.Rxd2 Re8 16.Nxc8 Raxc8 17.Nc3 Rc6 18.Be2
Rec8 19.Rhd1 Bf8 20.g3 Kg7 21.Bf1 Nc5 22.Bh3 Ne6 23.Nd5 Ng8 24.b3
Re8 25.Be3 Nf6 26.Kb2 Nd7 27.a4 a5 28.Nc3 Ndc5 29.Nb5 Rd8 30.Rd5
b6 31.f4 exf4 32.gxf4 Nxe4 33.Na7 Rc5 34.Bxc5 N6xc5 35.Bg2 f5
36.Bxe4 fxe4 37.Nb5 Be7 38.Kc2 Rf8 39.Rf1 Bxh4 40.Rxd6 Rf6 41.Rxf6
Kxf6 42.Nc3 Kf5 43.Nd5 Bg3 44.Ne3+ Ke6 45.f5+ gxf5 46.Rxf5 h4
47.Rh5 Nd3 48.Ng2 Bf2 49.Nxh4 Nf4 50.Rh6+ Ke5 51.Ng6+ Nxg6 52.Rxg6
Bc5 53.Kd2 Bb4+ 54.Ke2 Bc5 1/2-1/2

[Event "VIII TchRUS W"]
[Site "Sochi"]
[Date "2007.05.10"]
[Round "10"]
[White "Deriabina, Svetlana"]
[Black "Tarasova, Viktoriya"]
[Result "1/2-1/2"]
[WhiteElo "2133"]
[BlackElo "2239"]
[Annotator ""]
[Source ""]
[Remark ""]

1.d4 Nf6 2.c4 g6 3.Nc3 Bg7 4.e4 d6 5.f3 O-O 6.Be3 e5 7.Qd2 c6
8.Nge2 Nbd7 9.O-O-O a6 10.g4 b5 11.d5 c5 12.Ng3 Nb6 13.cxb5 axb5
14.Bxb5 Ba6 15.Qe2 Bxb5 16.Qxb5 Qc7 17.Qd3 Nfd7 18.h4 Ra5 19.Nge2
c4 20.Qd2 Rb8 21.Kc2 Nc5 22.Rb1 Nd3 23.Nc1 Nb4+ 24.Kd1 Na4 25.a3
Nxc3+ 26.Qxc3 Na6 27.Rh2 Ra4 28.Qc2 Qd7 29.Na2 Rb3 30.Nc3 Ra5
31.h5 Bf6 32.Qe2 Qc8 33.hxg6 fxg6 34.Qf1 Bd8 35.Rc1 Bb6 36.Bxb6
Rxb6 37.Rhc2 Qf8 38.Nb1 Nc5 39.Nd2 Ra4 40.Nxc4 Rb3 41.Nd2 Rd4
42.Ke2 Rbd3 43.Rd1 Qf4 44.Qf2 Nxe4 45.Rc8+ Kf7 46.Nxe4 Rxd1 47.Nxd6+
Kg7 48.Rc7+ Kg8 49.Rc8+ Kg7 50.Rc7+ 1/2-1/2

[Event "VIII TchRUS W"]
[Site "Sochi"]
[Date "2007.05.10"]
[Round "10"]
[White "Kirillova, Varvara"]
[Black "Burtasova, Anna"]
[Result "1/2-1/2"]
[WhiteElo "2251"]
[BlackElo "2314"]
[Annotator ""]
[Source ""]
[Remark ""]

1.e4 e5 2.Nf3 Nc6 3.Bb5 a6 4.Bxc6 dxc6 5.O-O Bg4 6.h3 h5 7.d3
Qf6 8.Nbd2 Bc5 9.Nc4 Bd6 10.Re1 Bxf3 11.Qxf3 Qxf3 12.gxf3 Ne7
13.f4 f6 14.fxe5 fxe5 15.Bg5 Ng6 16.c3 O-O 17.Rad1 Nf4 18.Bxf4
Rxf4 19.d4 exd4 20.cxd4 Re8 21.e5 Bb4 22.Re3 c5 23.a3 cxd4 24.Rb3
Bc5 25.Rxb7 d3 26.Ne3 Rxe5 27.Rxd3 Bb6 28.Rd5 Rfe4 29.Rxe5 1/2-1/2

[Event "VIII TchRUS W"]
[Site "Sochi"]
[Date "2007.05.10"]
[Round "10"]
[White "Ivanova, Yulija"]
[Black "Kuzevanova, Evgenia"]
[Result "1-0"]
[WhiteElo "2155"]
[BlackElo "2176"]
[Annotator ""]
[Source ""]
[Remark ""]

1.Nf3 Nf6 2.c4 g6 3.Nc3 d5 4.Qa4+ Bd7 5.Qb3 dxc4 6.Qxc4 Bg7 7.e4
O-O 8.e5 Ng4 9.d4 Be6 10.d5 Bf5 11.Bf4 Nd7 12.Qe2 Nc5 13.Rd1
f6 14.e6 g5 15.Bg3 Nh6 16.Qc4 Na6 17.Be2 Bg6 18.b4 Nf5 19.b5
Nxg3 20.hxg3 Nb8 21.Bd3 a6 22.Bxg6 hxg6 23.b6 cxb6 24.d6 b5 25.Qc7
exd6 26.Qxb7 Qc8 27.Qxc8 Rxc8 28.Nd5 Ra7 29.O-O Re8 30.Rc1 g4
31.Nh4 Kh7 32.Rfe1 f5 33.e7 Be5 34.Rxe5 dxe5 35.Nf6+ Kh6 36.Nxe8
Rxe7 37.Rc8 Nd7 38.Nd6 Re6 39.Nb7 Nb6 40.Rc7 Nd5 41.Rd7 Nc3 42.Nd8
Re8 43.Nf7+ Kh5 44.Rd6 Re7 45.Nh8 Nxa2 46.N8xg6 Re8 47.Nxf5 Kg5
48.Nge7 1-0

[Event "VIII TchRUS W"]
[Site "Sochi"]
[Date "2007.05.10"]
[Round "10"]
[White "Akatova, Ekaterina"]
[Black "Meshcheriakova, Evgenia"]
[Result "0-1"]
[WhiteElo "2204"]
[BlackElo "2309"]
[Annotator ""]
[Source ""]
[Remark ""]

1.e4 e5 2.Nf3 Nc6 3.Bb5 a6 4.Ba4 Nf6 5.Qe2 b5 6.Bb3 Be7 7.c3
O-O 8.d3 Re8 9.Nbd2 d5 10.Nf1 Na5 11.Bc2 Bf8 12.h3 c5 13.g4 c4
14.Ng3 Bb7 15.Bg5 h6 16.Bxf6 Qxf6 17.h4 cxd3 18.Bxd3 dxe4 19.Nxe4
Qf4 20.g5 Rad8 21.Bc2 Re6 22.h5 hxg5 23.Nfxg5 Rh6 24.Rh3 f5 25.Rf3
Qg4 26.Ng3 f4 27.N3e4 Be7 28.Rh3 Qf5 29.b4 Bxg5 30.Nxg5 Qxg5
31.bxa5 f3 32.Qd3 Rxd3 33.Bxd3 e4 0-1

[Event "VIII TchRUS W"]
[Site "Sochi"]
[Date "2007.05.10"]
[Round "10"]
[White "Ovod, Evgenija"]
[Black "Ubiennykh, Ekaterina"]
[Result "1-0"]
[WhiteElo "2384"]
[BlackElo "2302"]
[Annotator ""]
[Source ""]
[Remark ""]

1.d4 Nf6 2.c4 g6 3.Nc3 Bg7 4.e4 d6 5.Nf3 O-O 6.Be2 e5 7.O-O Nc6
8.d5 Ne7 9.Ne1 Nd7 10.f3 f5 11.g4 Nf6 12.Nd3 c5 13.Rb1 f4 14.b4
b6 15.bxc5 bxc5 16.Bd2 g5 17.Qa4 h5 18.h3 Ng6 19.Qc6 Bxg4 20.hxg4
Rc8 21.Qa6 hxg4 22.fxg4 Rc7 23.Nf2 Nh4 24.Nb5 Rd7 25.Rb3 Rff7
26.Rfb1 Bf8 27.Na3 Qe7 28.Nc2 Rh7 29.Ne1 Qg7 30.Nf3 Nxf3+ 31.Bxf3
Qh6 32.Qc8 Qh4 33.Rb8 Qg3+ 34.Bg2 Rdf7 35.R1b3 Qh2+ 36.Kf1 Nd7
37.R8b7 Nb6 38.Qe6 Nxc4 39.Bc1 Qh6 40.Rxf7 Rxf7 41.Qxh6 Bxh6
42.Rb8+ Rf8 43.Rxf8+ Bxf8 44.Ke2 Kf7 45.Kd3 Nb6 46.Bd2 Ke8 47.Ba5
Nd7 48.Kc4 Nb8 49.Nd1 Kd7 50.Nc3 a6 51.Na4 Be7 52.Nb6+ Kc7 53.Kb3
Kb7 54.Ka4 Bf8 55.Bf3 Be7 56.Bd1 Bf8 57.Ka3 Be7 58.Ba4 Bd8 59.Nc4
Bxa5 60.Nxa5+ Kc7 61.Nc4 f3 62.Nd2 f2 63.Kb3 Nd7 64.Bxd7 Kxd7
65.Kc4 Kc7 66.Kd3 Kb6 67.Nc4+ Kb5 68.Nxd6+ Kb4 69.Ke2 1-0

[Event "VIII TchRUS W"]
[Site "Sochi"]
[Date "2007.05.10"]
[Round "10"]
[White "Airapetian, Tatevik"]
[Black "Lupik, Marina"]
[Result "0-1"]
[WhiteElo "2234"]
[BlackElo "2215"]
[Annotator ""]
[Source ""]
[Remark ""]

1.e4 c5 2.Nf3 d6 3.d4 cxd4 4.Nxd4 Nf6 5.Nc3 a6 6.f3 e5 7.Nb3
Be6 8.Be3 h5 9.Qd2 Nbd7 10.O-O-O Rc8 11.h3 h4 12.f4 b5 13.Bd3
Qc7 14.Kb1 Nb6 15.Bxb6 Qxb6 16.Nd5 Bxd5 17.exd5 Be7 18.Bf5 Rd8
19.Na5 g6 20.Bd3 Nxd5 21.f5 gxf5 22.Bxf5 Ne3 23.Rdf1 Nxf1 24.Rxf1
d5 25.Nb3 Rg8 26.Qe2 Bf6 27.Bg4 Ke7 28.c3 e4 29.Bh5 Rg7 30.Qd2
Be5 31.a3 d4 32.cxd4 Bxd4 33.Qb4+ Ke8 34.Rf4 Be5 35.Qxe4 Qe6
36.Rxh4 Kf8 37.Bf3 Rg5 38.Qe3 Qf6 39.Qc5+ Kg8 40.Qc2 Bg3 41.Re4
Bf4 42.h4 Re5 43.h5 Rde8 44.Nc5 Rxe4 45.Nxe4 Qd4 46.Qc6 Re6 47.Qc8+
Kh7 48.Qf8 Qd3+ 49.Ka1 Qf1+ 50.Ka2 Qc4+ 51.Ka1 Bh6 52.Qb4 Qc1+
53.Ka2 Bg7 54.Nc3 Re1 55.Qc5 Be5 56.Qc6 Qd2 57.Qc5 Re3 58.Kb3
Re1 59.Ka2 Re3 60.Nd1 Re1 61.Qb4 Qxb4 62.axb4 Kh6 63.Nf2 Bd6
64.Nd3 Re3 65.Nc5 a5 66.Ne4 Bxb4 67.Nf6 Re1 68.Bd5 Rf1 69.Ne4
Rf5 70.g4 Rxd5 0-1

[Event "VIII TchRUS W"]
[Site "Sochi"]
[Date "2007.05.11"]
[Round "11"]
[White "Hou, Yifan"]
[Black "Galliamova, Alisa"]
[Result "1-0"]
[WhiteElo "2513"]
[BlackElo "2477"]
[PlyCount "55"]
[EventDate "2007.??.??"]

1. e4 c5 2. Nf3 e6 3. d4 cxd4 4. Nxd4 Nf6 5. Nc3 d6 6. Be2 a6 7. O-O Qc7 8. a4
Be7 9. f4 O-O 10. Kh1 Nbd7 11. Bf3 Re8 12. g4 Nf8 13. g5 N6d7 14. Bg2 b6 15. f5
Bb7 16. Qg4 Ne5 17. Qh3 Qc4 18. Be3 Bd8 19. f6 Nfg6 20. Nce2 Qc7 21. Ng3 gxf6
22. gxf6 Nd7 23. Nh5 Kh8 24. Bh6 Qc4 25. Bg7+ Kg8 26. Qe3 Nde5 27. h3 Nh4 28.
Qh6 1-0

[Event "VIII TchRUS W"]
[Site "Sochi"]
[Date "2007.05.11"]
[Round "11"]
[White "Chistiakova, Tamara"]
[Black "Kochetkova, Julia"]
[Result "1-0"]
[WhiteElo "2337"]
[BlackElo "2320"]
[PlyCount "63"]
[EventDate "2007.??.??"]

1. d4 Nf6 2. Nf3 e6 3. c4 c5 4. d5 exd5 5. cxd5 d6 6. Nc3 Be7 7. e4 O-O 8. h3
Re8 9. Bd3 Na6 10. O-O Nc7 11. a4 Rb8 12. Nd2 b6 13. Nc4 g6 14. Bf4 Nh5 15. Bh2
Ba6 16. f4 Bxc4 17. Bxc4 a6 18. Qd3 Bf6 19. e5 b5 20. axb5 axb5 21. Nxb5 Nxb5
22. Bxb5 Qb6 23. Bc4 dxe5 24. fxe5 Rxe5 25. g4 Qd8 26. gxh5 Rxb2 27. Ra2 Re3
28. Qxe3 Rxa2 29. Qf3 Bd4+ 30. Kh1 Rc2 31. Qxf7+ Kh8 32. h6 1-0

[Event "VIII TchRUS W"]
[Site "Sochi"]
[Date "2007.05.11"]
[Round "11"]
[White "Shadrina, Tatiana"]
[Black "Zhao, Xue"]
[Result "0-1"]
[WhiteElo "2378"]
[BlackElo "2467"]
[PlyCount "96"]
[EventDate "2007.??.??"]

1. e4 c5 2. Nf3 d6 3. d4 cxd4 4. Nxd4 Nf6 5. Nc3 a6 6. Be3 e5 7. Nf3 Qc7 8. a4
Be6 9. a5 Nbd7 10. Ng5 Bc4 11. Bxc4 Qxc4 12. Ra4 Qc6 13. Qe2 Rc8 14. O-O Be7
15. Rd1 O-O 16. h3 Rfd8 17. Nf3 Qc7 18. Nd2 Nc5 19. Rc4 Qd7 20. Nf3 Qe8 21.
Bxc5 dxc5 22. Nxe5 Rxd1+ 23. Qxd1 Bd8 24. Ng4 Nxg4 25. Qxg4 Bxa5 26. Nd5 Rc6
27. Rxc5 h5 28. Qg3 Qxe4 29. Rxc6 Qe1+ 30. Kh2 bxc6 31. Nf6+ Kf8 32. Nxh5 g6
33. Nf6 Qe7 34. Nd7+ Qxd7 35. Qa3+ Kg8 36. Qxa5 Qd6+ 37. g3 Qd4 38. Kg2 Qxb2
39. c4 Qb7 40. Kf3 Qb3+ 41. Kg2 Qxc4 42. Kh2 c5 43. h4 Qd4 44. Kg2 Qd6 45. Qa4
Qe6 46. Qa5 Qc6+ 47. Kh3 c4 48. h5 Qh1+ 0-1

[Event "VIII TchRUS W"]
[Site "Sochi"]
[Date "2007.05.11"]
[Round "11"]
[White "Paehtz, Elisabeth"]
[Black "Shen, Yang"]
[Result "1-0"]
[WhiteElo "2438"]
[BlackElo "2440"]
[PlyCount "101"]
[EventDate "2007.??.??"]

1. b3 d5 2. Bb2 Nf6 3. e3 c6 4. f4 g6 5. Nf3 Bg7 6. Be2 O-O 7. O-O c5 8. Ne5
Ne8 9. Bf3 Na6 10. d4 cxd4 11. Qxd4 Be6 12. Nc3 Nac7 13. Rad1 Nf6 14. Qb4 Rb8
15. Ne2 Na6 16. Qb5 Nc7 17. Qa4 Nd7 18. Qxa7 Nb5 19. Qa4 Nxe5 20. Bxe5 Bxe5 21.
Qxb5 Bd6 22. Bxd5 Bd7 23. Qd3 Qb6 24. a4 Rbd8 25. Nd4 Bc5 26. c3 Bf5 27. Qc4
Bg4 28. Rd2 Rc8 29. b4 e6 30. Be4 Bxd4 31. Qxd4 Qc7 32. Qf6 Qxc3 33. Qxc3 Rxc3
34. a5 Rb8 35. Rd3 Rc4 36. Rd4 Rxd4 37. exd4 f5 38. Bd3 Rd8 39. Bc4 Rxd4 40.
Bxe6+ Kg7 41. Rb1 Bd1 42. Rc1 Kf6 43. Bc8 Be2 44. Rb1 Bd3 45. Rd1 Ke7 46. b5
Rd8 47. Bxb7 Bxb5 48. Rb1 Bd3 49. Re1+ Kd6 50. a6 Kc7 51. Rd1 1-0

[Event "VIII TchRUS W"]
[Site "Sochi"]
[Date "2007.05.11"]
[Round "11"]
[White "Ruan, Lufei"]
[Black "Vasilevich, Irina"]
[Result "1-0"]
[WhiteElo "2370"]
[BlackElo "2380"]
[PlyCount "103"]
[EventDate "2007.??.??"]

1. e4 c5 2. Nf3 e6 3. d4 cxd4 4. Nxd4 Nc6 5. Nc3 Qc7 6. Be2 a6 7. O-O Nf6 8.
Be3 Bb4 9. Na4 O-O 10. Nxc6 bxc6 11. Nb6 Rb8 12. Nxc8 Rfxc8 13. Bxa6 Rf8 14.
Bd3 Bd6 15. g3 Be5 16. c3 Rxb2 17. Qc1 Qb7 18. Rb1 Rb8 19. Bd4 Rxb1 20. Qxb1
Qc7 21. Qc2 Qd6 22. Rb1 Rxb1+ 23. Qxb1 g6 24. Bxe5 Qxe5 25. Qc2 Qc5 26. Kg2 e5
27. Qb2 Kg7 28. a4 Qa7 29. Bc2 d5 30. exd5 cxd5 31. Qb4 Qa8 32. Kg1 Qc8 33. Bd3
Qh3 34. Bf1 Qf5 35. Qb2 Qf3 36. Be2 Qe4 37. a5 d4 38. cxd4 exd4 39. Qd2 Qb1+
40. Qd1 Qb4 41. a6 Qc5 42. Qa1 Qa7 43. Qb2 Nd7 44. Kf1 Ne5 45. Qb7 Qc5 46. a7
d3 47. Bd1 Qc1 48. a8=Q Qxd1+ 49. Kg2 d2 50. Qd5 Qe2 51. Qa1 f6 52. Qa7+ 1-0

[Event "VIII TchRUS W"]
[Site "Sochi"]
[Date "2007.05.11"]
[Round "11"]
[White "Kursova, Maria"]
[Black "Nebolsina, Vera"]
[Result "0-1"]
[WhiteElo "2324"]
[BlackElo "2297"]
[PlyCount "96"]
[EventDate "2007.??.??"]

1. d4 Nf6 2. Nf3 g6 3. c4 Bg7 4. g3 d5 5. cxd5 Nxd5 6. Bg2 Nb6 7. O-O Nc6 8. e3
O-O 9. Nc3 Re8 10. d5 Na5 11. e4 Bd7 12. Bf4 Nac4 13. Qc1 e5 14. Bh6 Qe7 15. b3
Nd6 16. a4 Bxh6 17. Qxh6 a5 18. Qe3 f5 19. Nd2 Qg7 20. Qc5 Rec8 21. Rae1 Be8
22. f4 Nd7 23. Qe3 Bf7 24. Nb5 exf4 25. Qxf4 Ne5 26. Re2 g5 27. Qe3 Bh5 28.
Ree1 Nxb5 29. axb5 f4 30. gxf4 gxf4 31. Rxf4 Kh8 32. Nf1 Rg8 33. Ng3 Be8 34.
Ref1 Bxb5 35. Rd1 a4 36. bxa4 Rxa4 37. Qb3 Ra5 38. Qc3 Ra2 39. Rf5 Re8 40. Rc1
Bd7 41. Rff1 h5 42. Rc2 Rxc2 43. Qxc2 h4 44. Nf5 Bxf5 45. Rxf5 Ra8 46. Qb3 Ra1+
47. Rf1 Ng4 48. Qb4 Ne3 0-1

[Event "VIII TchRUS W"]
[Site "Sochi"]
[Date "2007.05.11"]
[Round "11"]
[White "Matveeva, Svetlana"]
[Black "Korbut, Ekaterina"]
[Result "1/2-1/2"]
[WhiteElo "2406"]
[BlackElo "2429"]
[PlyCount "128"]
[EventDate "2007.??.??"]

1. d4 d5 2. c4 dxc4 3. e3 a6 4. Bxc4 e6 5. Nf3 c5 6. O-O Nf6 7. dxc5 Bxc5 8.
Qxd8+ Kxd8 9. Be2 Bd7 10. Ne5 Ke7 11. Nd2 Bb5 12. Nec4 Nc6 13. a4 Bxc4 14. Nxc4
Rac8 15. b3 Rhd8 16. Bb2 Ne8 17. Rfd1 Rxd1+ 18. Rxd1 f6 19. Kf1 Nd6 20. Nxd6
Bxd6 21. Rc1 Kd7 22. f4 Rc7 23. Bd3 h6 24. Ke2 Nb4 25. Rxc7+ Kxc7 26. Bb1 Nd5
27. g3 Bc5 28. e4 Ne7 29. Bd3 Nc6 30. Bc4 Kd6 31. Bc3 Bd4 32. Be1 g6 33. h3 Bc5
34. Bc3 Bd4 35. Bd2 Bc5 36. e5+ fxe5 37. fxe5+ Nxe5 38. Bxh6 Nxc4 39. bxc4 Ke5
40. Kd3 Bf2 41. g4 Bc5 42. Bg5 Bf2 43. h4 Bc5 44. Be3 Be7 45. h5 gxh5 46. gxh5
Kf5 47. h6 Bf6 48. Bd4 e5 49. Be3 e4+ 50. Kc2 Kg4 51. Bc1 Kf3 52. h7 e3 53. Bb2
Bxb2 54. Kxb2 e2 55. h8=Q e1=Q 56. Qf6+ Kg4 57. Qg7+ Kf4 58. Qf7+ Kg4 59. Qxb7
Qd2+ 60. Ka3 Qc1+ 61. Qb2 Qxc4 62. Qb4 Qf4 63. a5 Kg5 64. Qxf4+ Kxf4 1/2-1/2

[Event "VIII TchRUS W"]
[Site "Sochi"]
[Date "2007.05.11"]
[Round "11"]
[White "Turova, Irina"]
[Black "Muzychuk, Anna"]
[Result "1/2-1/2"]
[WhiteElo "2386"]
[BlackElo "2474"]
[PlyCount "63"]
[EventDate "2007.??.??"]

1. d4 f5 2. g3 Nf6 3. Bg2 g6 4. Nf3 Bg7 5. c4 d6 6. b4 e5 7. dxe5 Ng4 8. Bb2
Nc6 9. O-O Ncxe5 10. Nxe5 dxe5 11. Qxd8+ Kxd8 12. b5 Rb8 13. Nd2 Bf6 14. e4 Re8
15. Rad1 Ke7 16. exf5 gxf5 17. h3 Nh6 18. Rfe1 Kf7 19. Re3 Kg7 20. Rde1 Nf7 21.
c5 Be6 22. f4 e4 23. Bxf6+ Kxf6 24. g4 Rbd8 25. gxf5 Rxd2 26. fxe6 Rxe6 27. a4
Rc2 28. Rxe4 Rxe4 29. Bxe4 Rxc5 30. Bxb7 Nd6 31. Bc6 Rc4 32. a5 1/2-1/2

[Event "VIII TchRUS W"]
[Site "Sochi"]
[Date "2007.05.11"]
[Round "11"]
[White "Pogonina, Natalija"]
[Black "Sudakova, Irina"]
[Result "1-0"]
[WhiteElo "2419"]
[BlackElo "2371"]
[PlyCount "49"]
[EventDate "2007.??.??"]

1. e4 c5 2. Nf3 d6 3. d4 cxd4 4. Nxd4 Nf6 5. Nc3 Nc6 6. Bg5 e6 7. Qd2 a6 8. Be2
Bd7 9. O-O Be7 10. a4 O-O 11. Nb3 Qc7 12. a5 Ne5 13. Rad1 Nc4 14. Bxc4 Qxc4 15.
e5 dxe5 16. Bxf6 Bxf6 17. Qxd7 e4 18. Qxb7 Bxc3 19. bxc3 Rab8 20. Qd7 Qxc3 21.
Rd2 Rb5 22. Qd4 Qc6 23. Re1 f5 24. Qd6 Qc8 25. Red1 1-0

[Event "VIII TchRUS W"]
[Site "Sochi"]
[Date "2007.05.11"]
[Round "11"]
[White "Mongontuul, Bathuyag"]
[Black "Grabuzova, Tatiana"]
[Result "1/2-1/2"]
[WhiteElo "2388"]
[BlackElo "2357"]
[PlyCount "70"]
[EventDate "2007.??.??"]

1. e4 e6 2. d4 d5 3. Nd2 c5 4. exd5 exd5 5. Ngf3 Nc6 6. Bb5 Qe7+ 7. Qe2 cxd4 8.
Nxd4 Qxe2+ 9. Kxe2 Bd7 10. N2b3 a6 11. Bd3 Ne5 12. Re1 O-O-O 13. Bf4 Nc4 14.
Rab1 Bd6 15. Bxd6 Nxd6 16. Kf1 Nf6 17. c3 Rde8 18. Rxe8+ Rxe8 19. Re1 Rxe1+ 20.
Kxe1 Nc4 21. Bxc4 dxc4 22. Nd2 b5 23. b3 cxb3 24. axb3 Kc7 25. b4 Nd5 26. Ne4
f5 27. Nc5 Nxc3 28. Nxa6+ Kd6 29. Nc5 Kd5 30. Ne2 Nxe2 31. Kxe2 Bc8 32. Kd3 f4
33. f3 g5 34. Kc3 Bf5 35. h3 h6 1/2-1/2

[Event "VIII TchRUS W"]
[Site "Sochi"]
[Date "2007.05.11"]
[Round "11"]
[White "Guseva, Marina"]
[Black "Gunina, Valentina"]
[Result "1-0"]
[WhiteElo "2320"]
[BlackElo "2308"]
[PlyCount "83"]
[EventDate "2007.??.??"]

1. d4 Nf6 2. c4 c5 3. d5 b5 4. cxb5 a6 5. bxa6 Bxa6 6. Nc3 g6 7. g3 d6 8. Bg2
Bg7 9. Nf3 O-O 10. O-O Nbd7 11. Re1 Nb6 12. e4 Nfd7 13. Bf4 Nc4 14. Qc2 Rb8 15.
b3 Qa5 16. Rac1 Na3 17. Qd2 c4 18. Bh6 cxb3 19. Bxg7 Kxg7 20. axb3 Nc5 21. Nd4
Rb7 22. Nc6 Qc7 23. b4 Nd3 24. Qa2 Nxe1 25. Rxe1 Nb5 26. Qxa6 Nxc3 27. Qa1 e5
28. Qxc3 Ra7 29. Qe3 Ra2 30. b5 Rfa8 31. Rb1 Ra1 32. Rxa1 Rxa1+ 33. Bf1 Qb7 34.
Kg2 Qa8 35. Qb3 Ra3 36. Qb4 Ra4 37. Qxd6 Rxe4 38. b6 Re1 39. Qb4 Qa1 40. Qxe1
Qxe1 41. b7 Qe4+ 42. Kg1 1-0

[Event "VIII TchRUS W"]
[Site "Sochi"]
[Date "2007.05.11"]
[Round "11"]
[White "Cherenkova, Kristina"]
[Black "Zakurdjaeva, Irina"]
[Result "0-1"]
[WhiteElo "2249"]
[BlackElo "2286"]
[PlyCount "120"]
[EventDate "2007.??.??"]

1. e4 c5 2. Nf3 e6 3. d4 cxd4 4. Nxd4 Nc6 5. Nc3 a6 6. Nxc6 bxc6 7. Bd3 d5 8.
O-O Nf6 9. e5 Nd7 10. Re1 Qc7 11. f4 Bc5+ 12. Kh1 O-O 13. Qh5 f5 14. Bd2 Bb7
15. Na4 Be7 16. b4 c5 17. Nxc5 Nxc5 18. bxc5 Bxc5 19. Qe2 Rfb8 20. Rab1 Bc6 21.
Bxa6 Rxb1 22. Rxb1 Qa7 23. Bb5 Qxa2 24. Rc1 Ba3 25. Bxc6 Bxc1 26. Bxa8 Bxd2 27.
g3 Qxc2 28. Kg2 h6 29. Bb7 Kh7 30. Ba6 Qc1 31. Bd3 Be3 32. Qf1 Qc3 33. Qe2 Bc5
34. Qc2 Qd4 35. Bxf5+ exf5 36. Qxf5+ Kg8 37. Qe6+ Kf8 38. Qc8+ Kf7 39. Qd7+ Be7
40. Qf5+ Ke8 41. Qg6+ Kd7 42. Qxg7 Qe4+ 43. Kg1 d4 44. Qg4+ Kc7 45. Qg7 Qe1+
46. Kg2 Qe2+ 47. Kg1 Qd1+ 48. Kg2 Qc2+ 49. Kf3 Qc6+ 50. Ke2 Qc4+ 51. Kf3 Kd8
52. Qh8+ Kc7 53. Qg7 Qd5+ 54. Kf2 Qe6 55. Ke2 Kc6 56. f5 Qc4+ 57. Kf2 Qc2+ 58.
Kg1 Bc5 59. Qg6+ Kb5 60. Qe8+ Kc4 0-1

[Event "VIII TchRUS W"]
[Site "Sochi"]
[Date "2007.05.11"]
[Round "11"]
[White "Kostiuk, Tatiana"]
[Black "Ambartsumova, Karina"]
[Result "0-1"]
[WhiteElo "2232"]
[BlackElo "2201"]
[PlyCount "146"]
[EventDate "2007.??.??"]

1. d4 Nf6 2. Nf3 e6 3. c4 c5 4. Nc3 cxd4 5. Nxd4 a6 6. Bg5 Be7 7. Qd2 Qc7 8. e4
O-O 9. Be2 d6 10. O-O Nbd7 11. b3 b6 12. Rac1 Bb7 13. f3 Rac8 14. Rfd1 Qb8 15.
Kh1 Bd8 16. Nc2 Bc7 17. Bf4 Ne5 18. Bxe5 dxe5 19. b4 Nh5 20. Bf1 h6 21. Qe3 f5
22. Rd7 Bd8 23. Rcd1 Bc6 24. R7d6 Be7 25. Rxe6 f4 26. Qf2 Kf7 27. Rxe7+ Kxe7
28. Nd5+ Bxd5 29. exd5 Qd6 30. Re1 Kf7 31. Bd3 Rfe8 32. Qe2 g6 33. Qe4 Ng7 34.
g4 fxg3 35. hxg3 Nf5 36. Kg2 Qf6 37. Ne3 Nd6 38. Qg4 Rc7 39. Qh3 h5 40. Qh4 e4
41. Qxf6+ Kxf6 42. fxe4 Ke5 43. Kf3 Rf7+ 44. Ke2 Ref8 45. Kd2 Nxe4+ 46. Bxe4
Kxe4 47. Nc2+ Kf3 48. Re3+ Kg4 49. c5 bxc5 50. bxc5 Rf3 51. c6 R3f5 52. Rd3
Rf2+ 53. Kc3 R2f3 54. d6 Rxd3+ 55. Kxd3 Kf5 56. Ne3+ Ke6 57. Nc4 Kd5 58. c7 Kc6
59. Ke4 g5 60. Ke5 h4 61. gxh4 gxh4 62. Ke6 Re8+ 63. Kf7 Rh8 64. Ke7 h3 65.
Ne5+ Kb7 66. Nf3 Kc8 67. Nh2 Rh7+ 68. Ke6 Rg7 69. Nf3 Rg2 70. Kd5 h2 71. Nxh2
Rxh2 72. Kc6 Rc2+ 73. Kb6 Rxa2 0-1